| 000 | 00766nam a22002057a 4500 | ||
|---|---|---|---|
| 999 |
_c27693 _d27693 |
||
| 003 | BDDh-ASL | ||
| 005 | 20231016062617.0 | ||
| 008 | 201104s1982 b ||||| |||| 00| 0 b d | ||
| 040 |
_aBDDh-ASL _cBDDh-ASL _dBDDh-ASL |
||
| 041 | _aben | ||
| 082 |
_a922.72 _bRAH |
||
| 100 | 1 |
_95869 _aরহমান, কে. এম. জি. |
|
| 245 | 1 | 0 | _aহযরত খাদীযা (রাঃ) / |
| 246 | _aHazarat Khadija (RH) | ||
| 260 |
_aঢাকা: _cরহমানিয়া লাইব্রেরী, _b১৯৮২। |
||
| 300 |
_a১৪৮ পৃষ্ঠা, : _c২২ সে.মি.। |
||
| 600 | 1 | 0 |
_95870 _aখাদীযা (রাঃ), হযরত |
| 650 | 0 |
_abiographical dictionary - চরিতাভিধান _94665 |
|
| 942 |
_2ddc _cBK |
||